| 000 | 01224nas a2200301 i 4500 | ||
|---|---|---|---|
| 003 | DO-SdUA | ||
| 005 | 20260312112234.0 | ||
| 007 | ta | ||
| 008 | 260312e1985 dr q p|r| || | spa d | ||
| 040 |
_aDO-SdUA _bspa _cBNPHU _erda |
||
| 041 | 0 | _aspa | |
| 110 | 2 |
_aAsociación de Industrias Textíles _989184 |
|
| 245 | 1 | 0 |
_aADITEX boletín trimestral : _bórgano informativo de la Asociación Dominicana de Industrias Textiles. |
| 260 | _c1996- | ||
| 264 |
_aSanto Domingo, República Dominicana : _bórgano informativo de la Asociación Dominicana de Industrias Textiles. ADITEXT, _c1985. |
||
| 300 |
_avolumen : _bilustraciones, fotografías ; _c27 cm. |
||
| 310 | _aTrimestral. | ||
| 336 |
_atexto _btxt _2rdacontent |
||
| 337 |
_asin mediación _bn _2rdamedia |
||
| 338 |
_avolumen _bnc _2rdacarrier |
||
| 362 | _aAño 1. No. 1, agosto 1985. | ||
| 500 | _aCatalogación basada en el: Año 1. No. 1, agosto 1985. | ||
| 650 | 7 |
_aIndustria textil _vPublicaciones periódicas _989185 |
|
| 650 | 7 |
_aFábricas de textiles _vPublicaciones periódicas _989186 |
|
| 650 | 7 |
_aCorte y confección _vPublicaciones periódicas _989187 |
|
| 710 | 2 |
_aAsociación de Industrias Textiles (ADITEX) _989188 |
|
| 942 |
_2ddc _cISSUE |
||
| 999 |
_c60492 _d60492 |
||